000 00500nam a2200193 a 4500
001 1770972691829
003 YourLibrary
005 20260213142432.0
008 260213s1998##################000#0#eng##
020 _a9781853026096
082 0 4 _a305.560940
_bMAD
100 1 _aMadanipour, Ali,
_eauthor.
245 1 0 _aSocial Exclusion in European Cities :
260 _c1998.
300 _a316 pages
650 0 _aPolitical Science.
942 _cENGLISH
040 _aYourLibrary
_beng
_cYourLibrary
999 _c612396
_d612396